000
00311cam a2200133ua 4500
041
_a
mal
_h
082
_a
894.8121
_b
KAR/MA
100
_a
Karunakaran Achari, P .
245
_a
Manhuthullikal /
_c
P Karunakaran Achari.
_h
Textual Documents
300
_a
20 ; .
504
_a
942
_c
BK
999
_c
6494
_d
6494